1475 1050 1151 1146 1832 1081 1456 1837 1023 1533 1809 1487 1040 1480 1139 1750 1509 1141 1060 1178 1252 1871 1995 1818 1837 1924 1161 1425 1222 1812 1310 1977 1361 1480 1407 1315 1918 1367 1893 1930 1536 1376 1264 1899 1707 1849 1272 1837 1945 1056 1975 1010 1557 1804 1563 1179 1587 1796 1357 1338 1405 1080 1013 1311 1233 1309 1739 1099 1698 1745 1636 1360 1480 1075 1850 1902 1601 1933 1900 1572 1611 1340 1202 1645 1342 1161 1314 1202 1677 1633 1691 1782 1516 1907 1957 1549 1360 1918 1328 BCNSPRNW ULIB Ver.6.0+V

เปลี่ยนเป็นภาษาไทย

Change to English
 แสดงรายละเอียดบรรณานุกรม
  กลับหน้าหลัก

Brief Record : Get Marc (ISO 2709) : E-mail record : QR code < ปิดหน้าต่าง
LEADER : 00000nam 2200000uu 4500
001    13399111890
003     ULIB
008    110711s2544||||th 000 0 tha d
020    9748211304
050  4 DS589.C33^bก278จ 2544
100    ปาริชาต เรืองวิเศษ
245 00 จันทบุรี /^cปาริชาต เรืองวิเศษ, บรรณาธิการ
260    กรุงเทพฯ :^bสารคดี,^c2544
300    232, [3] หน้า :^bภาพประกอบสี, แผนที่
504    บรรณานุกรมท้ายเล่ม
651  4 จันทบุรี^xความเป็นอยู่และประเพณี
651  4 จันทบุรี^xภูมิประเทศและการท่องเที่ยว
700 0  ปาริชาต เรืองวิเศษ
945    ^p280^l0^i015884
949    ทศพร
999 ^a ใช้งานได้ทุกระบบ
รายการนี้ยังไม่มีแท็ก
คุณยังไม่ได้ล็อกอิน คุณสามารถมีกิจกรรมร่วมกับเว็บไซต์ได้ แต่ต้องล็อกอินก่อน ::
  ล็อกอิน

รายการสื่อสารสนเทศ

ลำดับที่ ประเภท เลขเรียก/บาร์โค้ด สถานที่ สถานะ
- ไม่พบข้อมูล -

BibComment


ยังไม่เคยถูกคอมเมนท์

คอมเมนท์ทรัพยากรรายการนี้
  คอมเมนท์: จันทบุรี ปาริชาต..


 Copyright 2026. Bcnsprnw @Library